000
00299nam a22001337a 4500
008
210519b ||||| |||| 00| 0 eng d
041
_a
eng
080
_2
3rd
_a
33
082
_a
33
100
_a
52
101
_a
EKO
245
_a
Principles, Problems, and Policies
_c
Connell,C.R
942
_2
udc
_c
BK
999
_c
57515
_d
57515